[Event "BUL-ch Seniors"]
[Site "Sofia"]
[Date "2012.05.22"]
[Round "5"]
[White "Arnaudov, Petar"]
[Black "Cholakov, Stefan"]
[Result "1-0"]
[WhiteElo "2154"]
[BlackElo "2170"]
[PlyCount "73"]
[EventDate "2012.05.19"]
[EventType "swiss"]
[EventRounds "9"]
[EventCountry "BUL"]
[SourceTitle "CBM 148 Extra"]
[Source "ChessBase"]
[SourceDate "2012.06.22"]
[SourceVersion "1"]
[SourceVersionDate "2012.06.22"]
[SourceQuality "1"]

1. Nf3 Nf6 2. g3 g6 3. b4 Bg7 4. Bb2 0-0 5. Bg2 d6 6. 0-0 e5 7. d3 Nc6 8. b5 Ne7 9. c4 c6 10. a4 h6 11. c5 Nfd5 12. cxd6 Qxd6 13. Nfd2 a6 14. Nc4 Qc7 15. bxc6 bxc6 16. Nbd2 Rb8 17. a5 Be6 18. Ne4 Nb4 19. Qc1 Bd5 20. Nb6 Bxe4 21. Bxe4 Rfd8 22. Ba3 Nbd5 23. Rb1 Bf8 24. Nxd5 Nxd5 25. Rxb8 Qxb8 26. Bxf8 Kxf8 27. Qxc6 Qd6 28. Rc1 Nf6 29. Qxd6+ Rxd6 30. Bb7 Ke7 31. Rc7+ Nd7 32. f4 f6 33. Kf2 Kd8 34. Rc8+ Ke7 35. Ke3 Rd4 36. fxe5 fxe5 37. Rc6 1-0

[Event "BUL-ch Seniors"]
[Site "Sofia"]
[Date "2012.05.19"]
[Round "1"]
[White "Mirovanski, Vasil"]
[Black "Cholakov, Stefan"]
[Result "0-1"]
[WhiteElo "1776"]
[BlackElo "2170"]
[PlyCount "66"]
[EventDate "2012.05.19"]
[EventType "swiss"]
[EventRounds "9"]
[EventCountry "BUL"]
[SourceTitle "CBM 148 Extra"]
[Source "ChessBase"]
[SourceDate "2012.06.22"]
[SourceVersion "1"]
[SourceVersionDate "2012.06.22"]
[SourceQuality "1"]

1. e4 c5 2. Nf3 Nc6 3. Bc4 g6 4. c3 Bg7 5. 0-0 d6 6. h3 Nf6 7. d3 0-0 8. Bg5 Na5 9. Bb3 Nxb3 10. Qxb3 Qc7 11. c4 h6 12. Be3 a6 13. Nc3 b6 14. Nd5 Nxd5 15. cxd5 e5 16. dxe6 Bxe6 17. Qc2 d5 18. Qd2 Kh7 19. Bf4 Qb7 20. e5 d4 21. b3 Bxh3 22. Kh2 Bg4 23. Kg3 Bxf3 24. gxf3 g5 25. Bxg5 Bxe5+ 26. f4 Rg8 27. Qe2 Rxg5+ 28. Kh4 Bxf4 29. f3 Bg3+ 30. Kh3 Qd7+ 31. Kg2 Re8 32. Qd1 Be1+ 33. Kh2 Rh5+ 0-1

[Event "BUL-ch Seniors"]
[Site "Sofia"]
[Date "2012.??.??"]
[Round "9"]
[White "Yotov, Lyuben"]
[Black "Cholakov, Stefan"]
[Result "0-1"]
[WhiteElo "1885"]
[BlackElo "2170"]
[PlyCount "74"]
[EventDate "2012.05.19"]
[EventType "swiss"]
[EventRounds "9"]
[EventCountry "BUL"]
[SourceTitle "CBM 148 Extra"]
[Source "ChessBase"]
[SourceDate "2012.06.22"]
[SourceVersion "1"]
[SourceVersionDate "2012.06.22"]
[SourceQuality "1"]

1. Nf3 d6 2. d4 g6 3. g3 Bg7 4. Bg2 Nd7 5. 0-0 Ngf6 6. Re1 0-0 7. e4 e5 8. d5 Nc5 9. Bg5 h6 10. Bxf6 Bxf6 11. b4 Na6 12. a3 c5 13. dxc6 bxc6 14. c4 Be6 15. Nbd2 Qb6 16. Rc1 Rad8 17. Qc2 Bg7 18. c5 dxc5 19. bxc5 Qa5 20. Bf1 Qxa3 21. Ra1 Qxc5 22. Qxc5 Nxc5 23. Rec1 Nb3 24. Nxb3 Bxb3 25. Rxc6 Rd7 26. Rca6 Bc2 27. Rxa7 Rxa7 28. Rxa7 Bxe4 29. Nd2 Bd5 30. Rd7 Be6 31. Rd6 Rc8 32. Kg2 Bf8 33. Ra6 Bd5+ 34. Kg1 Rc2 35. Nb1 Bc5 36. Bd3 Rc1+ 37. Bf1 Rxb1 0-1

[Event "BUL-ch Seniors"]
[Site "Sofia"]
[Date "2011.05.15"]
[Round "2"]
[White "Cholakov, Stefan"]
[Black "Andreev, Dobrotich"]
[Result "1-0"]
[WhiteElo "2177"]
[BlackElo "2065"]
[PlyCount "37"]
[EventDate "2011.05.14"]
[EventType "swiss"]
[EventRounds "9"]
[EventCountry "BUL"]
[SourceTitle "CBM 142 Extra"]
[Source "ChessBase"]
[SourceDate "2011.06.27"]
[SourceVersion "1"]
[SourceVersionDate "2011.06.27"]
[SourceQuality "1"]

1. d4 d5 2. c4 e6 3. Nf3 Nf6 4. e3 Nbd7 5. Nbd2 c6 6. Bd3 Bd6 7. 0-0 0-0 8. Qe2 e5 9. cxd5 Nxd5 10. Nc4 Qe7 11. dxe5 Nxe5 12. Nfxe5 Bxe5 13. Bxh7+ Kxh7 14. Qh5+ Kg8 15. Qxe5 Qh4 16. b3 Bg4 17. f3 Bh5 18. e4 Rfe8 19. Bg5 1-0

[Event "Sofia Gerenski Memorial 3rd"]
[Site "Sofia"]
[Date "2010.03.23"]
[Round "4"]
[White "Cholakov, Stefan"]
[Black "Mitrev, Kiril"]
[Result "1-0"]
[WhiteElo "2181"]
[BlackElo "2127"]
[PlyCount "85"]
[EventDate "2010.03.21"]
[EventType "swiss"]
[EventRounds "9"]
[EventCountry "BUL"]
[SourceTitle "CBM 135 Extra"]
[Source "ChessBase"]
[SourceDate "2010.05.04"]
[SourceVersion "1"]
[SourceVersionDate "2010.05.04"]
[SourceQuality "1"]

1. e4 e5 2. Bc4 Nf6 3. d4 Nxe4 4. dxe5 Qe7 5. Qe2 f5 6. Nd2 Nc6 7. Nxe4 fxe4 8. f4 d6 9. exd6 cxd6 10. Be3 Be6 11. 0-0-0 0-0-0 12. Bd5 Bxd5 13. Rxd5 g6 14. Qc4 Kb8 15. Ne2 Bg7 16. Rhd1 Rc8 17. Qa4 Rhd8 18. Qa3 Bf8 19. Nc3 a6 20. Na4 Qe6 21. Nb6 Rc7 22. c4 Re8 23. Kb1 Qf7 24. Qa4 h6 25. b4 Ne7 26. Rxd6 Nc6 27. Rd7 Rxd7 28. Nxd7+ Kc8 29. b5 Nb4 30. bxa6 Nxa6 31. Ne5 Qe6 32. c5 Bg7 33. Rd6 Qe7 34. Nxg6 Qf7 35. c6 Re6 36. Qc4 Nc7 37. cxb7+ Kxb7 38. Rxe6 Nxe6 39. Qxe4+ Kc7 40. Ne5 Bxe5 41. Qxe5+ Kc6 42. f5 Nc7 43. Bf4 1-0

[Event "Sofia Gerenski Memorial 3rd"]
[Site "Sofia"]
[Date "2010.03.22"]
[Round "3"]
[White "Kostov, Nikolai"]
[Black "Cholakov, Stefan"]
[Result "1/2-1/2"]
[WhiteElo "1987"]
[BlackElo "2181"]
[PlyCount "65"]
[EventDate "2010.03.21"]
[EventType "swiss"]
[EventRounds "9"]
[EventCountry "BUL"]
[SourceTitle "CBM 135 Extra"]
[Source "ChessBase"]
[SourceDate "2010.05.04"]
[SourceVersion "1"]
[SourceVersionDate "2010.05.04"]
[SourceQuality "1"]

1. c4 Nf6 2. Nc3 g6 3. Nf3 Bg7 4. d4 0-0 5. e4 d6 6. Be2 Nbd7 7. h3 c5 8. Be3 Qa5 9. 0-0 a6 10. Qd2 Rb8 11. Rfd1 Re8 12. a3 Qc7 13. Nd5 Nxd5 14. exd5 b5 15. cxb5 axb5 16. a4 bxa4 17. Rxa4 Qb7 18. dxc5 dxc5 19. Bf4 Ra8 20. Rxa8 Qxa8 21. b4 cxb4 22. Qxb4 Nf6 23. Bb5 Bd7 24. Bxd7 Nxd7 25. Qb5 Nf6 26. d6 exd6 27. Rxd6 Nh5 28. Be3 Ng3 29. Ra6 Qd8 30. Qa4 Ne2+ 31. Kh1 Nc3 32. Qc6 Qc8 33. Qxc8 1/2-1/2

[Event "Sofia Gerenski Memorial 3rd"]
[Site "Sofia"]
[Date "2010.03.21"]
[Round "1"]
[White "Orev, Bozhidar"]
[Black "Cholakov, Stefan"]
[Result "1-0"]
[WhiteElo "1850"]
[BlackElo "2181"]
[PlyCount "96"]
[EventDate "2010.03.21"]
[EventType "swiss"]
[EventRounds "9"]
[EventCountry "BUL"]
[SourceTitle "CBM 135 Extra"]
[Source "ChessBase"]
[SourceDate "2010.05.04"]
[SourceVersion "1"]
[SourceVersionDate "2010.05.04"]
[SourceQuality "1"]

1. e4 Nf6 2. Nc3 e5 3. Bc4 Bc5 4. d3 h6 5. h3 c6 6. Nf3 d6 7. a3 0-0 8. 0-0 b5 9. Ba2 a5 10. Ne2 Qe7 11. Ng3 d5 12. Re1 dxe4 13. dxe4 Be6 14. Bxe6 Qxe6 15. Bd2 Kh7 16. Qc1 Nbd7 17. Nh4 Ng8 18. Nhf5 Ne7 19. Nxe7 Bxe7 20. Nf5 Rfd8 21. Re3 Bf8 22. Qe1 Nb6 23. Bxa5 Nc4 24. Bxd8 Rxd8 25. Rd3 Rxd3 26. cxd3 Nxb2 27. Qc3 Na4 28. Qc2 g6 29. Ne3 Bc5 30. Qd2 Qd6 31. Ng4 h5 32. Ne3 Bxa3 33. g4 h4 34. Qa2 Bc5 35. Qxf7+ Kh8 36. Ng2 Qf8 37. Qxf8+ Bxf8 38. Nxh4 Kg7 39. Nf3 Bd6 40. g5 Kf7 41. d4 exd4 42. Nxd4 Be5 43. Rd1 Nc3 44. Nxc6 Bf4 45. Rd3 b4 46. Nxb4 Be5 47. Nd5 Nxe4 48. Re3 Nxg5 1-0

[Event "Sofia Piskov Memorial 1st"]
[Site "Sofia"]
[Date "2009.08.07"]
[Round "9"]
[White "Cholakov, Stefan"]
[Black "Orev, Petar"]
[Result "1/2-1/2"]
[WhiteElo "2167"]
[BlackElo "2235"]
[PlyCount "68"]
[EventDate "2009.08.01"]
[EventType "tourn"]
[EventRounds "9"]
[EventCountry "BUL"]
[SourceTitle "CBM 131 Extra"]
[Source "ChessBase"]
[SourceDate "2009.09.03"]
[SourceVersion "2"]
[SourceVersionDate "2009.09.16"]
[SourceQuality "1"]
[WhiteTeam "Bulgaria"]
[BlackTeam "Bulgaria"]
[WhiteTeamCountry "BUL"]
[BlackTeamCountry "BUL"]

1. c4 Nc6 2. Nc3 e5 3. g3 Bc5 4. Bg2 d6 5. e3 Bf5 6. d3 Qd7 7. a3 a5 8. Nd5 a4 9. Nc3 Nd8 10. d4 exd4 11. exd4 Bb6 12. Nge2 Ne7 13. 0-0 0-0 14. Be3 Re8 15. c5 dxc5 16. dxc5 Ba5 17. Nd4 Bxc3 18. Nxf5 Qxd1 19. Nxe7+ Rxe7 20. Rfxd1 Bxb2 21. Rab1 Be5 22. Bxb7 Nxb7 23. Rxb7 f6 24. Kg2 Kf7 25. Rd3 c6 26. Rb6 Rb8 27. Rxc6 Rb3 28. Rxb3 axb3 29. Rb6 b2 30. c6 Rc7 31. Bf4 Rxc6 32. Rb7+ Rc7 33. Rxb2 Bxb2 34. Bxc7 Bxa3 1/2-1/2

[Event "Sofia Piskov Memorial 1st"]
[Site "Sofia"]
[Date "2009.08.05"]
[Round "6"]
[White "Radulov, Ivan"]
[Black "Cholakov, Stefan"]
[Result "1/2-1/2"]
[WhiteElo "2303"]
[BlackElo "2167"]
[PlyCount "79"]
[EventDate "2009.08.01"]
[EventType "tourn"]
[EventRounds "9"]
[EventCountry "BUL"]
[SourceTitle "CBM 131 Extra"]
[Source "ChessBase"]
[SourceDate "2009.09.03"]
[SourceVersion "2"]
[SourceVersionDate "2009.09.16"]
[SourceQuality "1"]

1. e4 c5 2. Nf3 d6 3. d4 cxd4 4. Nxd4 Nf6 5. Nc3 g6 6. Be3 Bg7 7. Be2 0-0 8. 0-0 Nc6 9. Qd2 e6 10. Rad1 d5 11. exd5 exd5 12. Bf3 Be6 13. Bg5 Qc8 14. Nxe6 fxe6 15. Rfe1 Nd8 16. Ne2 Nf7 17. Bxf6 Bxf6 18. Nf4 Bg5 19. h4 Bh6 20. Bg4 Qc4 21. g3 Nd8 22. b3 Bxf4 23. bxc4 Bxd2 24. Rxd2 dxc4 25. Bxe6+ Nxe6 26. Rxe6 Rf7 27. Rd5 Rc8 28. h5 gxh5 29. Rxh5 Rd8 30. Re2 b6 31. Rh4 b5 32. a4 a6 33. axb5 axb5 34. Rh5 Rb7 35. Rc5 Rdd7 36. Kg2 Rdc7 37. Rg5+ Kf7 38. c3 b4 39. cxb4 c3 40. Ree5 1/2-1/2

[Event "Sofia Piskov Memorial 1st"]
[Site "Sofia"]
[Date "2009.08.04"]
[Round "5"]
[White "Janakiev, Ivan"]
[Black "Cholakov, Stefan"]
[Result "1-0"]
[WhiteElo "2232"]
[BlackElo "2167"]
[PlyCount "71"]
[EventDate "2009.08.01"]
[EventType "tourn"]
[EventRounds "9"]
[EventCountry "BUL"]
[SourceTitle "CBM 131 Extra"]
[Source "ChessBase"]
[SourceDate "2009.09.03"]
[SourceVersion "2"]
[SourceVersionDate "2009.09.16"]
[SourceQuality "1"]

1. d4 Nf6 2. c4 b6 3. Nc3 Bb7 4. f3 e6 5. e4 d5 6. cxd5 exd5 7. e5 Nfd7 8. Bb5 c6 9. Ba4 Bb4 10. a3 Bxc3+ 11. bxc3 0-0 12. f4 Qe7 13. Nf3 f5 14. 0-0 Na6 15. Bb3 Nc7 16. a4 Rad8 17. Ba3 c5 18. Qd2 Ne6 19. g3 Kh8 20. h4 Qf7 21. Ra2 Rfe8 22. Qg2 Rc8 23. Rc2 h6 24. Rcc1 Rc7 25. c4 Nxd4 26. Nxd4 dxc4 27. Bxc4 Qg6 28. Nf3 Nf8 29. Rcd1 Ne6 30. Rd6 Rc6 31. Bb5 Rxd6 32. exd6 Bxf3 33. Bxe8 Qxe8 34. Qxf3 Nd4 35. Qf2 Qc6 36. Bb2 1-0

[Event "Sofia Piskov Memorial 1st"]
[Site "Sofia"]
[Date "2009.08.03"]
[Round "4"]
[White "Cholakov, Stefan"]
[Black "Spiridonov, Nikola"]
[Result "1/2-1/2"]
[WhiteElo "2167"]
[BlackElo "2359"]
[PlyCount "82"]
[EventDate "2009.08.01"]
[EventType "tourn"]
[EventRounds "9"]
[EventCountry "BUL"]
[SourceTitle "CBM 131 Extra"]
[Source "ChessBase"]
[SourceDate "2009.09.03"]
[SourceVersion "2"]
[SourceVersionDate "2009.09.16"]
[SourceQuality "1"]

1. Nf3 Nf6 2. d4 e6 3. Bg5 c5 4. c3 b6 5. e3 Bb7 6. Bd3 Be7 7. Nbd2 0-0 8. Qc2 cxd4 9. exd4 h6 10. Bh4 d6 11. 0-0 Nbd7 12. Ne4 a6 13. Rfe1 b5 14. Qe2 Qb6 15. a3 Rfe8 16. Nxf6+ Nxf6 17. Nd2 Qc6 18. f3 Nd5 19. Bg3 Nf6 20. Bh4 Nh5 21. Qf2 Bxh4 22. Qxh4 Nf6 23. Ne4 Nd5 24. Ng3 Qb6 25. Nh5 Qd8 26. Qg4 Qg5 27. Qxg5 hxg5 28. Ng3 Nf4 29. Be4 d5 30. Bc2 f6 31. Ne2 Kf7 32. g3 Nxe2+ 33. Rxe2 Bc6 34. Bb3 a5 35. Rae1 b4 36. axb4 axb4 37. c4 dxc4 38. Bxc4 Bd5 39. Bxd5 exd5 40. Rxe8 Rxe8 41. Rxe8 Kxe8 1/2-1/2

[Event "BUL-ch Seniors"]
[Site "Sofia"]
[Date "2009.05.12"]
[Round "4"]
[White "Arnaudov, Petar"]
[Black "Cholakov, Stefan"]
[Result "1-0"]
[WhiteElo "2199"]
[BlackElo "2106"]
[PlyCount "51"]
[EventDate "2009.05.10"]
[EventType "swiss"]
[EventRounds "9"]
[EventCountry "BUL"]
[SourceTitle "CBM 130 Extra"]
[Source "ChessBase"]
[SourceDate "2009.07.02"]
[SourceVersion "2"]
[SourceVersionDate "2009.07.15"]
[SourceQuality "1"]

1. d4 Nf6 2. Bg5 e6 3. e4 Be7 4. e5 Nd5 5. Bxe7 Qxe7 6. c4 Nb6 7. c5 Nd5 8. Nc3 Nxc3 9. bxc3 d6 10. cxd6 cxd6 11. Qg4 0-0 12. f4 f6 13. Nf3 fxe5 14. fxe5 dxe5 15. Bd3 exd4 16. 0-0 Nd7 17. cxd4 e5 18. Qe4 Nf6 19. Qxe5 Qa3 20. Bc4+ Kh8 21. Ng5 Nd7 22. Qe4 g6 23. Rxf8+ Qxf8 24. Rf1 Nf6 25. Qe5 Bf5 26. Ne6 1-0

[Event "Sofia Gerenski Memorial 2nd"]
[Site "Sofia"]
[Date "2009.03.27"]
[Round "9"]
[White "Cholakov, Stefan"]
[Black "Kostov, Nikolai"]
[Result "1-0"]
[WhiteElo "2106"]
[BlackElo "1894"]
[PlyCount "43"]
[EventDate "2009.03.21"]
[EventType "swiss"]
[EventRounds "9"]
[EventCountry "BUL"]
[SourceTitle "CBM 129 Extra"]
[Source "ChessBase"]
[SourceDate "2009.05.05"]
[SourceVersion "2"]
[SourceVersionDate "2009.05.20"]
[SourceQuality "1"]

1. e4 e5 2. Bc4 Nf6 3. d4 Nxe4 4. dxe5 c6 5. Qe2 Nc5 6. Be3 b5 7. Bxc5 Bxc5 8. Bd3 Qe7 9. Nf3 d5 10. h3 Be6 11. a4 b4 12. a5 h6 13. Nbd2 a6 14. 0-0 0-0 15. c3 Qc7 16. Nb3 Be7 17. Nbd4 bxc3 18. Nxe6 fxe6 19. Nd4 Qc8 20. Qg4 Qe8 21. Nxe6 cxb2 22. Qxg7# 1-0

[Event "Sofia Gerenski Memorial 2nd"]
[Site "Sofia"]
[Date "2009.03.25"]
[Round "7"]
[White "Videnov, Ivan"]
[Black "Cholakov, Stefan"]
[Result "0-1"]
[WhiteElo "2118"]
[BlackElo "2106"]
[PlyCount "70"]
[EventDate "2009.03.21"]
[EventType "swiss"]
[EventRounds "9"]
[EventCountry "BUL"]
[SourceTitle "CBM 129 Extra"]
[Source "ChessBase"]
[SourceDate "2009.05.05"]
[SourceVersion "2"]
[SourceVersionDate "2009.05.20"]
[SourceQuality "1"]

1. e4 c5 2. Nf3 d6 3. d4 cxd4 4. Nxd4 Nf6 5. Nc3 g6 6. Bb5+ Bd7 7. Bxd7+ Nbxd7 8. 0-0 Bg7 9. Be3 0-0 10. f3 Ne5 11. Nce2 Nc4 12. Bc1 e5 13. Nb3 d5 14. Ng3 h5 15. exd5 Nxd5 16. Qe2 Rc8 17. c3 a5 18. Ne4 Qb6+ 19. Qf2 f5 20. Qxb6 Ndxb6 21. Ng5 Rfe8 22. h4 a4 23. Nd2 Nxd2 24. Bxd2 Nc4 25. Bc1 e4 26. fxe4 fxe4 27. Rb1 e3 28. Nf3 Rcd8 29. a3 Bf8 30. Re1 e2 31. Kh1 Bc5 32. Kh2 Rd3 33. Kg3 Nd6 34. b4 Nf5+ 35. Kh3 Bf2 0-1

[Event "Sofia Gerenski Memorial 2nd"]
[Site "Sofia"]
[Date "2009.03.22"]
[Round "2"]
[White "Spassov, Liuben"]
[Black "Cholakov, Stefan"]
[Result "1-0"]
[WhiteElo "2417"]
[BlackElo "2106"]
[PlyCount "103"]
[EventDate "2009.03.21"]
[EventType "swiss"]
[EventRounds "9"]
[EventCountry "BUL"]
[SourceTitle "CBM 129 Extra"]
[Source "ChessBase"]
[SourceDate "2009.05.05"]
[SourceVersion "2"]
[SourceVersionDate "2009.05.20"]
[SourceQuality "1"]

1. d4 Nf6 2. c4 g6 3. Nc3 Bg7 4. e4 d6 5. f3 0-0 6. Bg5 Nc6 7. Nge2 e5 8. d5 Na5 9. b3 a6 10. Rc1 Bd7 11. Ng3 b6 12. Qd2 Qb8 13. Nd1 c6 14. b4 Nb7 15. dxc6 Bxc6 16. Nc3 Rc8 17. Be2 b5 18. 0-0 Nd8 19. Nd5 Bxd5 20. cxd5 Qb7 21. Be3 Nd7 22. Rxc8 Rxc8 23. Rc1 f6 24. Rc2 Bf8 25. Nf1 Be7 26. Qc1 Rxc2 27. Qxc2 Nb8 28. Nd2 Nf7 29. Nb3 Bd8 30. Na5 Qc7 31. Nc6 f5 32. exf5 gxf5 33. Bd3 Nxc6 34. dxc6 e4 35. fxe4 Ne5 36. exf5 Qxc6 37. Qxc6 Nxc6 38. a3 Bf6 39. Be4 Ne7 40. Bc1 d5 41. Bc2 Kg7 42. Kf2 Bd4+ 43. Kf3 Nc6 44. g4 Ne5+ 45. Kg3 Nc4 46. g5 Be3 47. f6+ Kh8 48. Bxe3 Nxe3 49. Bd3 Nc4 50. Kf4 Nb2 51. Ke3 Nd1+ 52. Kd4 1-0